[Event "Titled Tue 24th Jun Late"]
[Site "chess.com INT"]
[Date "2025.06.24"]
[Round "4"]
[White "Yatskar, Martin"]
[Black "Fernandez, Maria Florencia"]
[Result "0-1"]
[WhiteTitle "CM"]
[BlackTitle "WIM"]
[WhiteElo "2225"]
[BlackElo "2163"]
[WhiteFideId "34109676"]
[BlackFideId "116459"]
[EventDate "2025.06.24"]

1. d4 Nf6 2. c4 g6 3. Nf3 Bg7 4. g3 O-O 5. Bg2 d6 6. Nc3 Nc6 7. d5 Nb8 8. O-O e5
9. dxe6 Bxe6 10. Nd4 Bc8 11. b3 Nbd7 12. Bb2 Nc5 13. h3 Re8 14. Re1 Nfe4 15.
Nxe4 Nxe4 16. Qc2 Ng5 17. Kh2 c5 18. Nb5 Bf5 19. Qc1 Bxb2 20. Qxb2 Be4 21. h4
Bxg2 22. Kxg2 Ne4 23. Rad1 a6 24. Nc3 Nxc3 25. Qxc3 Qe7 26. e4 b5 27. Rd5 bxc4
28. Qxc4 a5 29. f3 a4 30. bxa4 Reb8 31. Re2 Rb4 32. Qd3 Rbxa4 33. Rxd6 Rxa2 34.
Rxa2 Rxa2+ 35. Kh3 Ra8 36. Qd5 Rc8 37. e5 c4 38. e6 c3 39. exf7+ Qxf7 40. Rd8+
Rxd8 41. Qxd8+ Kg7 42. Qd4+ Qf6 43. Qd7+ Kh6 44. Qc8 Qf5+ 45. Qxf5 gxf5 46. g4
fxg4+ 47. fxg4 c2 48. g5+ Kg7 49. Kg3 c1=Q 50. Kg4 Qc4+ 51. Kh5 Qf7+ 52. Kg4
Qe6+ 53. Kh5 h6 54. gxh6+ Qxh6+ 55. Kg4 Qg6+ 56. Kf4 Kh6 57. h5 Qxh5 58. Ke4 Qg5
59. Kd4 Kg6 60. Kd3 Qf5+ 61. Kd4 Kf6 62. Kc3 Qe4 63. Kb2 Qd3 64. Ka2 Qb5 65. Ka3
Ke5 66. Ka2 Kd4 67. Ka1 Kc3 68. Ka2 Qb2# 0-1

[Event "Titled Tue 24th Jun Late"]
[Site "chess.com INT"]
[Date "2025.06.24"]
[Round "4"]
[White "Mekhitarian, Krikor Sevag"]
[Black "Hadzovic, Amir"]
[Result "1-0"]
[WhiteTitle "GM"]
[BlackTitle "FM"]
[WhiteElo "2564"]
[BlackElo "2354"]
[WhiteFideId "2107660"]
[BlackFideId "14402300"]
[EventDate "2025.06.24"]

1. Nf3 d6 2. d4 Nf6 3. c4 g6 4. Nc3 Bg7 5. e4 O-O 6. h3 Nfd7 7. g4 e5 8. d5 c6
9. Rg1 cxd5 10. cxd5 a5 11. Be3 Na6 12. a3 Ndc5 13. b4 Nd7 14. Rb1 axb4 15. axb4
Nb6 16. Bd3 Bd7 17. Qb3 Rc8 18. h4 Qc7 19. Nb5 Bxb5 20. Bxb5 Nd7 21. Rc1 Qxc1+
22. Bxc1 Rxc1+ 23. Ke2 Rxg1 24. Nxg1 Nf6 25. f3 Rc8 26. Kd1 Nc7 27. Bd3 1-0

[Event "Titled Tue 24th Jun Late"]
[Site "chess.com INT"]
[Date "2025.06.24"]
[Round "4"]
[White "Martinez Fernandez, Adrian"]
[Black "Lin, Bryan Enming"]
[Result "0-1"]
[WhiteTitle "IM"]
[BlackTitle "FM"]
[WhiteElo "2404"]
[BlackElo "2343"]
[WhiteFideId "32049048"]
[BlackFideId "30987121"]
[EventDate "2025.06.24"]

1. e4 e5 2. Nf3 Nc6 3. Bb5 a6 4. Ba4 Nf6 5. O-O Be7 6. Re1 b5 7. Bb3 d6 8. c3
O-O 9. h3 h6 10. d4 a5 11. a4 bxa4 12. Bxa4 Bd7 13. Nbd2 Re8 14. Nf1 exd4 15.
cxd4 Nb4 16. Ng3 Bf8 17. Bb3 d5 18. e5 Nh7 19. Ba4 c5 20. Be3 c4 21. Ne2 Nd3 22.
Nf4 Nxb2 23. Qc2 Nxa4 24. Rxa4 Bxa4 25. Qxa4 Ng5 26. Nd2 Bb4 27. Rc1 Ne6 28. Nb1
Nxf4 29. Bxf4 Re6 30. Be3 Qe8 31. Qa2 a4 32. Nc3 Bxc3 33. Rxc3 Rb6 34. Kh2 Rb3
35. Rc2 a3 36. Re2 Qb5 37. Qd2 Rb2 38. Qd1 Rxe2 39. Qxe2 a2 40. Qg4 Qc6 0-1

[Event "Titled Tue 24th Jun Late"]
[Site "chess.com INT"]
[Date "2025.06.24"]
[Round "4"]
[White "Borisek, Jure"]
[Black "Yushko, Olga"]
[Result "1-0"]
[WhiteTitle "GM"]
[BlackTitle "WFM"]
[WhiteElo "2558"]
[BlackElo "2033"]
[WhiteFideId "14603152"]
[BlackFideId "14114500"]
[EventDate "2025.06.24"]

1. d4 Nf6 2. Nf3 e6 3. c3 d5 4. Bg5 Be7 5. e3 O-O 6. Nbd2 c5 7. Bd3 Nc6 8. Qb1
h6 9. Bh4 Qc7 10. Bg3 Bd6 11. Bb5 cxd4 12. exd4 Bd7 13. O-O a6 14. Bxc6 Bxc6 15.
Re1 Ne4 16. Bxd6 Qxd6 17. Qd1 Qf4 18. g3 Qf5 19. Qe2 Nxd2 20. Nxd2 Rfe8 21. Nf3
f6 22. Nh4 Qh3 23. Qf1 Qxf1+ 24. Kxf1 e5 25. Re3 exd4 26. cxd4 Bb5+ 27. Ke1
Rxe3+ 28. fxe3 Rc8 29. Kd2 Kf7 30. Nf5 Rd8 31. Rc1 Bc6 32. g4 Kg6 33. Ne7+ Kg5
34. Nxc6 bxc6 35. Rxc6 Kxg4 36. Rxa6 Kh3 37. Ra7 Rg8 38. b4 Kxh2 39. b5 h5 40.
b6 h4 41. Rc7 h3 42. b7 Rb8 43. Rxg7 Kh1 44. a4 f5 45. a5 f4 46. a6 h2 47. Rh7
f3 48. a7 f2 49. axb8=Q f1=N+ 50. Ke1 Ng3 51. e4 dxe4 52. Qxg3 e3 53. Qxh2# 1-0

[Event "Titled Tue 24th Jun Late"]
[Site "chess.com INT"]
[Date "2025.06.24"]
[Round "4"]
[White "Hovakimyan, Vache"]
[Black "Estrada Nieto, Julian"]
[Result "1-0"]
[WhiteTitle "FM"]
[BlackTitle "IM"]
[WhiteElo "2287"]
[BlackElo "2181"]
[WhiteFideId "13317288"]
[BlackFideId "5101018"]
[EventDate "2025.06.24"]

1. Nf3 d5 2. g3 Nf6 3. Bg2 Bf5 4. O-O e6 5. d3 h6 6. Nbd2 Be7 7. Qe1 Bh7 8. e4
O-O 9. b3 c5 10. Bb2 Nc6 11. Qe2 b5 12. Rae1 dxe4 13. Nxe4 Nxe4 14. dxe4 Qb6 15.
Ne5 Nxe5 16. Bxe5 Rad8 17. Rd1 a6 18. h4 f6 19. Bb2 e5 20. Bh3 Kh8 21. Rd5 Bg8
22. Rfd1 Be6 23. Bxe6 Qxe6 24. Qf3 Rxd5 25. exd5 Qd6 26. Qf5 c4 27. h5 Rd8 28.
g4 Bf8 29. Qe4 Qc5 30. bxc4 Qxc4 31. Qxc4 bxc4 32. Bc3 Bc5 33. Kg2 Bd4 34. Bxd4
Rxd5 35. c3 exd4 36. cxd4 Ra5 37. d5 Rc5 38. d6 Rc8 39. Kf3 Kg8 40. Ke4 Kf7 41.
Kd5 c3 42. Rc1 c2 43. d7 Rd8 44. Kd6 f5 45. Rxc2 fxg4 46. Rc8 Rxd7+ 47. Kxd7 Kf6
48. Rc6+ Kg5 49. Rg6+ Kxh5 50. Rxg7 Kh4 51. Ke6 h5 52. Kf5 Kh3 53. Kg5 Kg2 54.
Kxh5 Kxf2 55. Kxg4 1-0

[Event "Titled Tue 24th Jun Late"]
[Site "chess.com INT"]
[Date "2025.06.24"]
[Round "4"]
[White "Mohan, Dave"]
[Black "Ferraz, Michel Liah"]
[Result "1-0"]
[WhiteElo "2018"]
[BlackElo "2007"]
[WhiteFideId "30909775"]
[BlackFideId "22743219"]
[EventDate "2025.06.24"]

1. d4 Nf6 2. Bg5 d5 3. Bxf6 exf6 4. e3 c6 5. c4 dxc4 6. Bxc4 Bb4+ 7. Nc3 O-O 8.
Ne2 Re8 9. Bxf7+ Kxf7 10. Qb3+ Qd5 11. Qxb4 Qxg2 12. Rg1 Qxh2 13. Qb3+ Kf8 14.
Qa3+ Re7 15. Ne4 Bf5 16. N4g3 Bg6 17. Rh1 Qg2 18. Nf4 Qf3 19. Qd6 Nd7 20. Nxg6+
hxg6 21. Rh8+ Kf7 22. Rxa8 Nb6 23. Rxa7 Nc4 24. Qxe7+ Kxe7 25. Rxb7+ Kd6 26. Nf1
Qf5 27. Rc1 Qd3 28. Rb3 Qxf1+ 29. Kxf1 Nd2+ 30. Ke2 Nxb3 31. axb3 1-0

[Event "Titled Tue 24th Jun Late"]
[Site "chess.com INT"]
[Date "2025.06.24"]
[Round "4"]
[White "Maghsoodloo, Parham"]
[Black "Moroni, Luca Jr"]
[Result "1-0"]
[WhiteTitle "GM"]
[BlackTitle "GM"]
[WhiteElo "2691"]
[BlackElo "2549"]
[WhiteFideId "12539929"]
[BlackFideId "865834"]
[EventDate "2025.06.24"]

1. c4 b6 2. b3 Bb7 3. Bb2 Nf6 4. Nf3 e6 5. g3 c5 6. Bg2 Nc6 7. O-O Be7 8. d4
Nxd4 9. Nxd4 Bxg2 10. Kxg2 cxd4 11. Qxd4 d5 12. cxd5 Qxd5+ 13. Qxd5 Nxd5 14.
Bxg7 Rg8 15. Bb2 Rc8 16. Na3 Bxa3 17. Bxa3 f5 18. Rfc1 Kd7 19. Kf3 e5 20. e4
fxe4+ 21. Kxe4 Ke6 22. Rxc8 Rxc8 23. Rc1 Nf6+ 24. Kf3 Rxc1 25. Bxc1 Kf5 26. h3
h5 27. Bd2 b5 28. Ke3 a6 29. f3 Ke6 30. g4 Nd5+ 31. Kd3 Nf6 32. Bg5 e4+ 33. Kd2
Nh7 34. f4 hxg4 35. hxg4 Kd5 36. Be7 a5 37. f5 a4 38. bxa4 bxa4 39. Ke3 Ke5 40.
a3 Kd5 41. g5 1-0

[Event "Titled Tue 24th Jun Late"]
[Site "chess.com INT"]
[Date "2025.06.24"]
[Round "4"]
[White "Rodgers, Jack"]
[Black "Hobson, Kenneth"]
[Result "1-0"]
[WhiteTitle "FM"]
[BlackTitle "FM"]
[WhiteElo "2183"]
[BlackElo "2361"]
[WhiteFideId "3220885"]
[BlackFideId "480819"]
[EventDate "2025.06.24"]

1. d4 d5 2. c4 e6 3. Nc3 Nf6 4. Nf3 Nbd7 5. Bg5 Bb4 6. e3 h6 7. Bh4 g5 8. Bg3
Ne4 9. Rc1 h5 10. h4 Nxg3 11. fxg3 g4 12. Ng5 c6 13. cxd5 exd5 14. Bd3 Bd6 15.
O-O f6 16. Bg6+ Ke7 17. Nf7 Qg8 18. Nxh8 Qxh8 19. e4 Nf8 20. Bf5 Bxf5 21. Rxf5
Bxg3 22. exd5 Bxh4 23. dxc6 bxc6 24. Qe2+ Kf7 25. Qc4+ Kg6 26. Qxc6 Rd8 27. Qe4
Kf7 28. Nd5 Ne6 29. Rcf1 Bg5 30. Rxg5 Nxg5 31. Qe7+ Kg6 1-0

[Event "Titled Tue 24th Jun Late"]
[Site "chess.com INT"]
[Date "2025.06.24"]
[Round "4"]
[White "Bratovic, Blaz"]
[Black "Martinez, Shawn"]
[Result "0-1"]
[WhiteTitle "IM"]
[WhiteElo "2319"]
[BlackElo "1921"]
[WhiteFideId "14603551"]
[BlackFideId "2039770"]
[EventDate "2025.06.24"]

1. e4 c5 2. Nf3 e6 3. c3 Nf6 4. e5 Nd5 5. d4 cxd4 6. cxd4 Nc6 7. Bc4 Be7 8. O-O
d6 9. Qe2 O-O 10. Qe4 Ndb4 11. Bb3 dxe5 12. dxe5 Qd3 13. Qg4 Qg6 14. Qxg6 hxg6
15. Rd1 Rd8 16. Rxd8+ Bxd8 17. Nbd2 Nd3 18. Nc4 b5 19. Nd6 Ndxe5 20. Nxe5 Nxe5
21. Bf4 Nd3 22. Be3 a6 23. Rd1 Nxb2 24. Rc1 Bd7 25. Bd4 Nd3 26. Rd1 Nf4 27. Be5
Nd5 28. Bxd5 exd5 29. Rxd5 Be6 30. Rd2 Ba5 31. Rc2 Rd8 32. h4 Bb4 33. Nb7 Rd1+
34. Kh2 Bc4 35. Bc3 Be7 36. g3 Bd5 0-1

[Event "Titled Tue 24th Jun Late"]
[Site "chess.com INT"]
[Date "2025.06.24"]
[Round "4"]
[White "Volkov, Maksim"]
[Black "Vila Dupla, Aurelio"]
[Result "1-0"]
[WhiteTitle "FM"]
[BlackTitle "FM"]
[WhiteElo "2333"]
[BlackElo "2056"]
[WhiteFideId "54123070"]
[BlackFideId "2203383"]
[EventDate "2025.06.24"]

1. d4 Nf6 2. c4 g6 3. g3 c6 4. Bg2 d5 5. Qa4 Bg7 6. cxd5 Nxd5 7. Nf3 O-O 8. O-O
Bf5 9. Rd1 Nd7 10. Nh4 N7b6 11. Qa5 Bd7 12. e4 Nf6 13. Qe1 Bg4 14. Rd3 Be6 15.
Nc3 Bc4 16. Rd1 Nfd7 17. Nf3 e5 18. dxe5 Qe8 19. b3 Ba6 20. Ba3 Nxe5 21. Bxf8
Nxf3+ 22. Bxf3 Qxf8 23. Rac1 Qb4 24. Bg2 Re8 25. h4 h5 26. Kh2 Kh7 27. Na4 Qxe1
28. Rxe1 Nxa4 29. bxa4 Bd4 30. Rc2 c5 31. a5 Bd3 32. Rcc1 c4 33. Kg1 b5 34. axb6
axb6 35. Bf1 Bxf1 36. Kxf1 b5 37. Rb1 Re5 38. f4 Rc5 39. Red1 Be3 40. Rd5 Rxd5
41. exd5 c3 42. d6 c2 43. Ra1 c1=Q+ 44. Rxc1 Bxc1 45. d7 1-0

[Event "Titled Tue 24th Jun Late"]
[Site "chess.com INT"]
[Date "2025.06.24"]
[Round "4"]
[White "Kravtsiv, Martyn"]
[Black "Xiong, Jeffery"]
[Result "1-0"]
[WhiteTitle "GM"]
[BlackTitle "GM"]
[WhiteElo "2598"]
[BlackElo "2639"]
[WhiteFideId "14113147"]
[BlackFideId "2047640"]
[EventDate "2025.06.24"]

1. e4 c5 2. Nc3 Nc6 3. Bb5 Nd4 4. Nf3 e6 5. O-O Ne7 6. Nxd4 cxd4 7. Ne2 a6 8.
Bd3 Nc6 9. c3 dxc3 10. dxc3 Be7 11. Bc2 b5 12. Bf4 Bb7 13. Qd3 g5 14. Bg3 h5 15.
Rad1 h4 16. Bd6 h3 17. g3 Bxd6 18. Qxd6 Qe7 19. Qc7 d5 20. Qb6 Ne5 21. f4 gxf4
22. Nxf4 dxe4 23. Qd4 Qc7 24. Bxe4 Bxe4 25. Qxe4 Ke7 26. Rfe1 Qc5+ 27. Rd4 f6
28. Qb7+ 1-0

[Event "Titled Tue 24th Jun Late"]
[Site "chess.com INT"]
[Date "2025.06.24"]
[Round "4"]
[White "Korchynskyi, Mykola"]
[Black "Jagirapu, Harshin Reddy"]
[Result "1-0"]
[WhiteTitle "FM"]
[WhiteElo "2335"]
[BlackElo "2042"]
[WhiteFideId "34138005"]
[BlackFideId "39910679"]
[EventDate "2025.06.24"]

1. d4 d5 2. c4 e6 3. Nc3 c6 4. cxd5 exd5 5. Nf3 Nf6 6. Bf4 Bd6 7. e3 O-O 8. Bg5
Bf5 9. Bd3 Bxd3 10. Qxd3 Nbd7 11. O-O Re8 12. Rab1 a5 13. a3 Be7 14. b4 axb4 15.
axb4 b5 16. Rfc1 Nb6 17. Ne5 Rc8 18. f4 Nc4 19. Ne2 Ne4 20. Bxe7 Qxe7 21. Nf3 f6
22. Re1 Ra8 23. Ng3 Ra3 24. Rb3 Qxb4 25. Reb1 Rxb3 26. Rxb3 Qa4 27. Nf1 Qa2 28.
Rb1 Rb8 29. h3 b4 30. Kh2 b3 31. Ng3 Nxg3 32. Kxg3 b2 33. Qf5 Na3 34. Qe6+ Kh8
35. Qd6 Qb3 36. Nd2 Qb7 37. Qxa3 Qb5 38. Qc3 h5 39. Kh2 Rb7 40. Nf3 Qe2 41. Qd2
Qb5 42. Ne1 Qf1 43. Qc2 1-0

[Event "Titled Tue 24th Jun Late"]
[Site "chess.com INT"]
[Date "2025.06.24"]
[Round "4"]
[White "Paravyan, David"]
[Black "Dyachuk, Artem"]
[Result "1-0"]
[WhiteTitle "GM"]
[BlackTitle "FM"]
[WhiteElo "2589"]
[BlackElo "2374"]
[WhiteFideId "4194985"]
[BlackFideId "34107924"]
[EventDate "2025.06.24"]

1. d4 Nf6 2. Bg5 c5 3. d5 Qb6 4. Nc3 Qxb2 5. Bd2 Qb6 6. e4 d6 7. Rb1 Qd8 8. f4
g6 9. Bb5+ Bd7 10. Bc4 Qc7 11. Nf3 Bg4 12. e5 dxe5 13. Nb5 Qd8 14. fxe5 Ne4 15.
d6 exd6 16. O-O a6 17. exd6 Bxd6 18. Bxf7+ Kf8 19. Bh6+ Kxf7 20. Qd5+ Ke8 21.
Qxe4+ Be7 22. Rbd1 1-0

[Event "Titled Tue 24th Jun Late"]
[Site "chess.com INT"]
[Date "2025.06.24"]
[Round "4"]
[White "Zepeda Berlanga, Jan Enrique"]
[Black "Jimenez Salas, Maria Teresa"]
[Result "0-1"]
[WhiteTitle "CM"]
[BlackTitle "WIM"]
[WhiteElo "1984"]
[BlackElo "2170"]
[WhiteFideId "5132355"]
[BlackFideId "3843866"]
[EventDate "2025.06.24"]

1. e4 c5 2. Nf3 Nc6 3. d4 cxd4 4. Nxd4 Nf6 5. Nc3 d6 6. Bg5 e6 7. Qd2 a6 8.
O-O-O Bd7 9. f4 h6 10. Bh4 Nxe4 11. Nxe4 Qxh4 12. Nf3 Qe7 13. Nxd6+ Qxd6 14.
Qxd6 Bxd6 15. Rxd6 O-O-O 16. Be2 Kc7 17. Rhd1 Bc8 18. Ne5 Rxd6 19. Rxd6 Nxe5 20.
fxe5 Rd8 21. Rxd8 Kxd8 22. c4 Kc7 23. Kd2 Bd7 24. Bf3 Bc6 25. Kc3 f6 26. Kd4
Bxf3 27. gxf3 f5 28. b4 g5 29. a4 h5 30. a5 g4 31. fxg4 hxg4 32. b5 Kd7 33. Ke3
Kc7 34. Kd4 Kb8 35. Ke3 Ka7 36. Kd4 b6 37. axb6+ Kxb6 38. bxa6 Kxa6 39. c5 Kb5
40. Ke3 Kxc5 0-1

[Event "Titled Tue 24th Jun Late"]
[Site "chess.com INT"]
[Date "2025.06.24"]
[Round "4"]
[White "Thorfinnsson, Bragi"]
[Black "Haug, Havard"]
[Result "1-0"]
[WhiteTitle "GM"]
[BlackTitle "FM"]
[WhiteElo "2354"]
[BlackElo "2354"]
[WhiteFideId "2300958"]
[BlackFideId "1547887"]
[EventDate "2025.06.24"]

1. e4 c6 2. Nf3 d5 3. exd5 cxd5 4. Ne5 Nc6 5. d4 e6 6. Bb5 Bd7 7. Nxd7 Qxd7 8.
c3 Bd6 9. O-O Nge7 10. Re1 O-O 11. Nd2 a6 12. Bf1 b5 13. a3 Na5 14. Nf3 Rac8 15.
Bd3 h6 16. Ne5 Qc7 17. Bxh6 Bxe5 18. Rxe5 gxh6 19. Qh5 Kg7 20. Rae1 Ng6 21. Rxe6
fxe6 22. Qxg6+ Kh8 23. Qxh6+ Kg8 24. Rxe6 Rf7 25. Rg6+ Rg7 26. Rxg7+ Qxg7 27.
Qe6+ Qf7 28. Qxc8+ Kg7 29. Qxa6 b4 30. Qxa5 bxc3 31. Qxc3 Qf6 32. b4 Qb6 33. b5
Qd6 34. g3 Qb6 35. a4 Qb7 36. a5 Qa7 37. b6 Qb7 38. Qc7+ Qxc7 39. bxc7 Kf6 40.
c8=Q Kg5 41. Qf5+ Kh6 42. Qg6# 1-0

[Event "Titled Tue 24th Jun Late"]
[Site "chess.com INT"]
[Date "2025.06.24"]
[Round "4"]
[White "Goldbeck, Lars"]
[Black "Jacobsen, Mikkel Manosri"]
[Result "0-1"]
[WhiteTitle "FM"]
[BlackTitle "FM"]
[WhiteElo "2391"]
[BlackElo "2223"]
[WhiteFideId "16208188"]
[BlackFideId "1444514"]
[EventDate "2025.06.24"]

1. e4 c6 2. d4 d5 3. f3 g6 4. Nc3 Bg7 5. e5 h5 6. Bf4 Nh6 7. Qd2 Nf5 8. O-O-O a5
9. Bd3 a4 10. Nce2 b5 11. g4 hxg4 12. fxg4 Nh6 13. h3 Nxg4 14. Ng3 Nh6 15. Nf3
Nf5 16. Nxf5 Bxf5 17. Bxf5 gxf5 18. Rdg1 Bf8 19. e6 fxe6 20. Be5 Rh5 21. Rg8 Kf7
22. Qg2 Bh6+ 23. Rg5 Nd7 24. Kb1 Bxg5 25. Nxg5+ Rxg5 26. Qxg5 Nxe5 27. Rg1 Qg8
28. dxe5 Qxg5 29. Rxg5 Rg8 30. Rxg8 Kxg8 31. Kc1 c5 32. Kd2 Kg7 33. Ke3 Kg6 34.
Kf4 Kh5 35. b3 a3 36. c3 b4 37. cxb4 cxb4 0-1

[Event "Titled Tue 24th Jun Late"]
[Site "chess.com INT"]
[Date "2025.06.24"]
[Round "4"]
[White "Makaraci, Tunahan"]
[Black "Rojas Alarcon, Julian Antonio"]
[Result "0-1"]
[WhiteTitle "FM"]
[BlackTitle "FM"]
[WhiteElo "2233"]
[BlackElo "2365"]
[WhiteFideId "6356559"]
[BlackFideId "5107407"]
[EventDate "2025.06.24"]

1. d4 d5 2. Nf3 Nf6 3. g3 e6 4. Bg2 Be7 5. O-O O-O 6. c4 dxc4 7. Qc2 b5 8. a4 b4
9. Qxc4 Ba6 10. Qc2 c5 11. dxc5 Qc7 12. Be3 Nbd7 13. c6 Rac8 14. Rc1 Nd5 15.
cxd7 Qxc2 16. dxc8=Q Rxc8 17. Rxc2 Rxc2 18. Nbd2 Rxb2 19. Bxa7 Nc3 20. Bf1 Bf6
21. Bd4 Bxd4 22. Nxd4 Rxd2 23. Nb3 Rb2 24. Nc5 Bxe2 25. a5 g5 26. a6 Bxa6 27.
Bxa6 Kg7 28. Nd3 Rb3 29. Bc4 Ra3 30. Rxa3 bxa3 31. Nb4 Kf6 32. Kf1 Ke5 33. Ke1
Kd4 34. Bb3 Ne4 35. Bc2 Kc3 36. Bxe4 Kxb4 37. Bb1 Kb3 38. Kd2 Kb2 39. Ba2 Kxa2
40. Kc2 g4 0-1

[Event "Titled Tue 24th Jun Late"]
[Site "chess.com INT"]
[Date "2025.06.24"]
[Round "4"]
[White "Sokolovsky, Yahli"]
[Black "Deichmann, Esteban Horacio"]
[Result "0-1"]
[WhiteTitle "GM"]
[WhiteElo "2542"]
[BlackElo "2103"]
[WhiteFideId "2820242"]
[BlackFideId "167410"]
[EventDate "2025.06.24"]

1. b3 c5 2. Bb2 d5 3. Nf3 Nc6 4. e3 f6 5. Bb5 e5 6. Bxc6+ bxc6 7. O-O Bd6 8. d3
Bg4 9. e4 Ne7 10. Nc3 Qd7 11. a4 h5 12. h3 Bxh3 13. gxh3 Qxh3 14. Nh2 d4 15. Ne2
g5 16. Kh1 Qe6 17. f3 Ng6 18. Qe1 Nf4 19. Nxf4 exf4 20. Kg2 g4 21. Qh4 Kd7 22.
Rg1 Rag8 23. Kf1 g3 24. Ke2 gxh2 25. Qxh2 h4 26. Raf1 Rg3 27. Bc1 Qg8 28. Kf2
Qg5 29. Ke1 Qg8 30. Rh1 h3 31. Qd2 Rg2 0-1

[Event "Titled Tue 24th Jun Late"]
[Site "chess.com INT"]
[Date "2025.06.24"]
[Round "4"]
[White "Palczert, Matyas"]
[Black "Bortnyk, Olexandr"]
[Result "0-1"]
[WhiteTitle "FM"]
[BlackTitle "GM"]
[WhiteElo "2396"]
[BlackElo "2601"]
[WhiteFideId "784958"]
[BlackFideId "14120828"]
[EventDate "2025.06.24"]

1. b3 d5 2. Bb2 Bf5 3. d3 e6 4. Nd2 Nf6 5. g3 h6 6. Bg2 Be7 7. e4 Bh7 8. Nh3 O-O
9. O-O a5 10. a4 c6 11. Qe2 Na6 12. Kh1 Nd7 13. f4 dxe4 14. dxe4 Qc7 15. Nc4
Rfd8 16. Rad1 b5 17. axb5 cxb5 18. Ne5 Nxe5 19. Bxe5 Qb6 20. f5 Rxd1 21. Rxd1
Rd8 22. Nf4 Rxd1+ 23. Qxd1 exf5 24. Qd5 Nb4 25. Qd7 Qd8 26. Qxb5 fxe4 27. c3 Nd3
28. Nd5 Bc5 29. Bc7 Qxd5 30. c4 Nf2+ 31. Kg1 Nh3+ 32. Kf1 Qd1# 0-1

[Event "Titled Tue 24th Jun Late"]
[Site "chess.com INT"]
[Date "2025.06.24"]
[Round "4"]
[White "Tang, Zoey"]
[Black "Tica, Sven"]
[Result "0-1"]
[WhiteTitle "FM"]
[BlackTitle "IM"]
[WhiteElo "2356"]
[BlackElo "2442"]
[WhiteFideId "30952530"]
[BlackFideId "14526948"]
[EventDate "2025.06.24"]

1. e4 g6 2. d4 Bg7 3. Nc3 c6 4. f4 d5 5. e5 h5 6. Be3 Nh6 7. h3 Bf5 8. Be2 h4 9.
Qd2 e6 10. O-O-O Bf8 11. Nf3 Bb4 12. a3 Bxc3 13. Qxc3 Be4 14. Bf2 Nf5 15. Qe1
Bxf3 16. Bxf3 Nd7 17. Bg4 Nf8 18. Kb1 Qb6 19. Bxf5 exf5 20. Bxh4 Ne6 21. Bf6 Rh7
22. Qe3 Kd7 23. g3 a5 24. g4 fxg4 25. hxg4 Rxh1 26. Rxh1 Qxd4 27. Qxd4 Nxd4 28.
c3 Ne2 29. Rh7 Rf8 30. f5 gxf5 31. gxf5 Ke8 32. e6 fxe6 33. Re7+ Kd8 34. Bg5
Rxf5 35. Rxe6+ Rxg5 36. Rxe2 a4 37. Rh2 Kc7 38. Ka2 b5 39. b3 axb3+ 40. Kxb3 Rg4
41. Rh6 Kb6 42. Rf6 Kc5 43. Rf1 Rg3 44. Rf6 d4 45. Kb2 Rxc3 46. Rf5+ Kc4 47. Rf6
c5 48. Ra6 Rh3 49. a4 Rh2+ 50. Kb1 b4 51. Rg6 d3 52. Rg4+ Kb3 53. Kc1 c4 54. Kd1
c3 55. Ke1 d2+ 0-1

[Event "Titled Tue 24th Jun Late"]
[Site "chess.com INT"]
[Date "2025.06.24"]
[Round "4"]
[White "Watanabe, Akira"]
[Black "Weisz, Bryan"]
[Result "0-1"]
[WhiteTitle "FM"]
[WhiteElo "2284"]
[BlackElo "2059"]
[WhiteFideId "7000227"]
[BlackFideId "30934133"]
[EventDate "2025.06.24"]

1. d4 e6 2. c4 Ke7 3. Nf3 Ke8 4. Nc3 d6 5. e4 Ne7 6. Be2 g6 7. O-O h6 8. Be3 Bg7
9. Rc1 Nd7 10. d5 e5 11. b4 f5 12. Ne1 f4 13. Bd2 Nf6 14. Nd3 h5 15. c5 g5 16.
f3 g4 17. cxd6 cxd6 18. Nb5 Kf7 19. Nc7 Rb8 20. Ne6 Bxe6 21. dxe6+ Kxe6 22. Qb3+
Kd7 23. Rfd1 Ke8 24. b5 Kf8 25. Bb4 Ne8 26. Kh1 Ng6 27. Nc5 Qh4 28. Ne6+ Kf7 29.
Ng5+ Kf6 30. Ne6 Qf2 31. Bf1 h4 32. Nxg7 h3 33. Nxe8+ Kg5 34. gxh3 g3 35. Bg2
Rxh3 0-1

[Event "Titled Tue 24th Jun Late"]
[Site "chess.com INT"]
[Date "2025.06.24"]
[Round "4"]
[White "Sanal, Vahap"]
[Black "Sitbon, Itay"]
[Result "1-0"]
[WhiteTitle "GM"]
[WhiteElo "2564"]
[BlackElo "2206"]
[WhiteFideId "6300545"]
[BlackFideId "2820706"]
[EventDate "2025.06.24"]

1. e4 e5 2. Nf3 d5 3. exd5 Nf6 4. Nxe5 Qxd5 5. d4 Nc6 6. Nxc6 Qxc6 7. Qe2+ Be6
8. Qb5 O-O-O 9. Qxc6 bxc6 10. Be3 Nd5 11. c3 Be7 12. Nd2 Nxe3 13. fxe3 Bg5 14.
Kf2 Rhe8 15. Re1 f5 16. Bc4 c5 17. Bxe6+ Rxe6 18. Nf3 Bh6 19. g3 Rde8 20. Ne5 g6
21. Re2 Bg7 22. Nf3 Bh6 23. Rhe1 Kb7 24. h4 cxd4 25. exd4 Re4 26. Rxe4 fxe4 27.
Ne5 e3+ 28. Ke2 c5 29. Ng4 Bf8 30. d5 c4 31. Nxe3 Bd6 32. Kf3 Rf8+ 33. Kg2 Re8
34. Nc2 Rxe1 35. Nxe1 Kb6 36. Nc2 Kc5 37. Ne3 Bf8 38. Kf3 Bh6 39. Ke4 Bxe3 40.
Kxe3 Kxd5 41. Kf4 h6 42. g4 a6 43. a3 a5 44. a4 Ke6 45. Ke4 h5 46. g5 Kd6 47.
Kd4 Ke6 48. Kxc4 Kf5 49. b4 Kg4 50. bxa5 Kxh4 51. a6 Kg3 52. a7 h4 53. a8=Q h3
54. Qh1 Kh4 55. a5 Kg4 56. a6 Kg3 57. a7 Kg4 58. a8=Q Kh4 59. Qh8+ Kg4 60.
Q8xh3+ Kf4 61. Q1f3+ Ke5 62. Qd5+ Kf4 63. Qhf3# 1-0

[Event "Titled Tue 24th Jun Late"]
[Site "chess.com INT"]
[Date "2025.06.24"]
[Round "4"]
[White "Badacsonyi, Stanley"]
[Black "Murzin, Volodar"]
[Result "0-1"]
[WhiteTitle "FM"]
[BlackTitle "GM"]
[WhiteElo "2300"]
[BlackElo "2666"]
[WhiteFideId "486973"]
[BlackFideId "44155573"]
[EventDate "2025.06.24"]

1. d4 Nf6 2. c4 g6 3. Nc3 Bg7 4. e4 O-O 5. Be2 d6 6. Be3 c6 7. h4 h5 8. f3 a6 9.
Qd2 b5 10. a3 Nbd7 11. d5 bxc4 12. dxc6 Ne5 13. Nd5 Nxc6 14. Bb6 c3 15. Qxc3
Nxd5 16. Qxg7+ Kxg7 17. Bxd8 Nf4 18. Bb6 Rb8 19. Bf2 Rxb2 20. Rc1 Ne5 21. Bd4
Ra2 22. g3 Nxe2 23. Nxe2 f6 24. Bxe5 dxe5 25. Rc7 Kf7 26. Kf2 Rd8 27. Re1 Be6
28. Rc3 Rb8 29. Ke3 a5 30. Rec1 a4 31. R1c2 Rxc2 32. Rxc2 Rb3+ 33. Rc3 Rb2 34.
f4 Bg4 35. Nc1 Rg2 36. fxe5 Rxg3+ 37. Kd2 Rxc3 38. Kxc3 g5 39. exf6 gxh4 40.
fxe7 h3 41. Nd3 h2 42. Nf2 Bf3 43. Kb4 h1=Q 44. Nxh1 Bxh1 45. Kxa4 Bxe4 46. Kb4
h4 0-1